000 00986nam a2200229Ia 4500
001 11175
003 GE_BSU
008 181216s||||||||xx |||||||||||||| ||und||
040 _cGE_BSU
080 _a52(075.8)
100 _aხარაძე ე.
245 _aზოგადი ასტროფიზიკის კურსი
245 _bასტროფიზიკის დაკვირვება-გამოკვლევების მეთოდები და ხელსაწყოები
245 _cრედ. მ.კოლხიდაშვილი
260 _aთბილისი.
260 _bთბილისის სახ. უნ–ტის გამ–ბა.
260 _c1961.
300 _a482გვ.24სმ.
300 _eილ;ავტორებისა და საგანთა საძიებელი
653 _aზოგადი ასტროფიზიკის კურსი
942 _cBK
999 _c44409
_d44409